000 00644cam a2200193 4500
001 WS114698
008 010921n 000 0 eng u
035 _a(Sirsi) u114698
245 _aBermuda Royal Institution of Chartered Surveyors
520 _aWeb site for this regional organisation of the RICS including a membership directory.
650 _aBERMUDA
650 _aORGANISATION
650 _aRICS
650 _aINTERNATIONAL
650 _aABOUT RICS-RICS MEMBERS
690 _aMANAGEMENT-BUSINESS MANAGEMENT-PROFESSIONAL PRACTICE
856 4 0 _uhttps://www.rics.bm
_zView the website free of charge at www.rics.bm...
942 _n0
999 _c119902
_d119902